000 00964nac a22002777a 4500
001 BR6010423
003 BR-BrBNA
005 20240105113229.0
008 230509b bl.|||m| |||| 00| 0 por d
040 _aBR-BrBNA
_bpor
_cBiblioteca Nacional de Agricultura
072 _aF00; Q10; E70
090 _a4440 BR6010423
110 1 _aCompanhia de Armazens e Silos do Estado de Minas Gerais, Belo Horizonte (Brasil)
_92335
245 1 _aRelatorio das atividades no exercicio de 1959 [Companhia de Armazens e Silos do Estado de Minas Gerais; Brasil]
260 3 _aBelo Horizonte, MG (Brasil):
_c1960.
300 _a66 p.
490 _aRelatorio - Companhia de Armazens e Silos do Estado de Minas Gerais (Brazil)
_v
_x
650 _aSILO
650 _aARMAZEM
650 _aARMAZENAMENTO
650 _aARMAZENAMENTO DE ALIMENTO
650 _aESTOCAGEM
650 _aMINAS GERAIS
909 _a202312
_bLúcia Elande
_c55
_dLúcia Elande
942 _2AGRIS
_n0
_cMS
999 _c262594
_d262594